Mikuláš z Flüe [švajčiarsky svätý]

Bibliographic Details
Main Author: Nárožný, Jozef (Author)
Format: Book
Language:Slovak
PhysicalDescription:54 s. fotogr. 21 cm
Published: Prešov Michal Vaško 1999
ISBN:8071651966
Subjects:

MARC

LEADER 00000nam a2200000 a 4500
001 vtls001380354
003 SK-MaSNL
005 20260301115541.0
008 240314s1999 xo aa rb b 0 slo
015 |a SNBA2000/03-01096 
020 |a 8071651966  |c 49,00 Sk 
035 |a SNK000334345 
035 |a urn:nbn:sk:snk-amk6b8 
035 |a urn:nbn:sk:snk-am004osw 
035 |a 419A90E5-5A2B-4961-ACBF-8E69A8B60342 
040 |a SNK  |b slo  |c SNK  |e AACR2 
041 0 |a slo 
044 |a xo  |c SK 
080 |a 235.3:929  |2 1981 
100 1 |a Nárožný, Jozef  |4 aut  |9 352828 
245 1 0 |a Mikuláš z Flüe  |b [švajčiarsky svätý]  |c Jozef Nárožný 
260 |a Prešov  |b Michal Vaško  |c 1999 
300 |a 54 s.  |b fotogr.  |c 21 cm 
504 |a Bibliogr. s. 52-53 
600 0 0 |a Mikuláš  |c z Flüe, sv.,  |d 1417-1487  |2 SNKMA  |9 460749 
650 0 7 |a kresťanskí svätci  |2 SNK  |9 1605 
655 7 |a biografie  |2 SNK  |9 27965 
919 |a 80-7165-196-6 
958 |a TL 
958 |a NT 
958 |a NB 
958 |a BC 
999 |c 722608  |d 724538 
952 |t P60, <03>, [BOOK], {603}  |a SNK  |b SNK  |y PREZ  |7 0  |p 17A0222959  |o snkSC 100472  |i snkKSP 250/2000  |0 0  |1 0  |4 0  |d 2000-01-10  |f 1  |l 0  |r 2025-09-19 00:00:00  |w 2026-02-23 
952 |t P60, <04>, [BOOK], {604}  |a SNK  |b SNK  |y VYP  |7 0  |p 17A0222960  |o snkSC 100472 D1  |i snkKSP 251/2000  |0 0  |1 0  |4 0  |d 2000-01-10  |l 0  |r 2005-01-02 00:00:00  |w 2026-02-23